000
00225nam a22001217a 4500
082
_a
494
_b
VAJ/M
100
_a
VAJPAYEE,SUMAN
245
_a
MALALA
260
_a
DELHI
_b
RAJPAL
300
_a
102
650
_z
DELHI
942
_c
BK
999
_c
4425
_d
4425